| 000 | 02571cam a22005294i 4500 | ||
|---|---|---|---|
| 003 | PE-LiUPU | ||
| 005 | 20250731165550.0 | ||
| 008 | 150625s r 000 0 d | ||
| 035 | _a(Sirsi) a34435 | ||
| 035 | _a(Sirsi) a34435 | ||
| 040 |
_aPE-LiUPU _bspa _cPE-LiUPU _erda |
||
| 082 | 0 | 4 |
_a985.04 _bD _223 |
| 245 | 0 | 0 |
_aObra Gubernativa y Epistolario de Bolívar : _nVolumen 4. _bEl congreso de Panamá / _cRecopilación y prólogo de Raúl Porras Barrenechea. Nota preliminar Félix Denegri Luna. |
| 264 | 1 |
_aLima : _bComisión Nacional del Sesquicentenario de la Independencia del Perú, _c1974. |
|
| 300 |
_a563 páginas ; _c24 centímetros. |
||
| 336 |
_atext _2rdacontent |
||
| 337 |
_aunmediated _2rdamedia |
||
| 338 |
_avolume _2rdacarrier |
||
| 490 | 0 |
_aColección Documental de la Independencia del Perú ; _v14 |
|
| 500 | _a"Año del sesquicentenario de las batallas de Junín y Ayacucho" | ||
| 505 | 0 | _aEl Congreso de Panamá -- La solidaridad americana después de Ayacucho y la gestación del congreso de Panamá -- Comisiones de las cancillerías extranjeras y de los agentes diplomáticos en Lima y en el exterior (1825-1826) -- Buenos Aires -- Colombia -- Chile -- Gran Bretaña -- México -- Correspondencia de los plenipotenciarios peruanos al congreso de Panamá (1825-1826) -- Cartas de Vidaurre -- Significación historico-potitica de la convocatoria al Congresso de Panama. Lima, 1974. | |
| 526 | _aSEG44 | ||
| 526 | _aSEG26 | ||
| 526 | _aP151 | ||
| 526 | _aP150 | ||
| 526 | _aP149 | ||
| 526 | _aP146 | ||
| 526 | _aP145 | ||
| 526 | _aP126 | ||
| 526 | _aP125 | ||
| 526 | _aP92 | ||
| 526 | _aP75 | ||
| 526 | _aP74 | ||
| 526 | _aP27 | ||
| 526 | _aP15 | ||
| 600 | 1 |
_aBolívar, Simón. _d1783-1830 _vCorrespondencia |
|
| 650 | 0 | 4 |
_aPanamá, Congreso de _y1826. |
| 651 |
_aPerú _xHistoria _yRepública, 1825- _vDocumentos. |
||
| 700 | 1 |
_aPorras Barrenechea, Raúl, _d1897-1960, _ecompilador. _92264 |
|
| 710 | 2 | _a.Comisión Nacional del Sesquicentenario de la Independencia del Perú | |
| 942 |
_2ddc _cBK |
||
| 949 |
_aRC 985.04 D 14 / 4 _wDEWEY _c1 _i17019 _lRC _mBUL _r0 _sY _tBOOK _u2015-6-25 _xBIBLIOTECA _zUNKNOWN _0COMPRA _o.CIRCNOTE. No olvidar cambiar la fecha de devolución!!!!!!! _o.STAFF. Colección General |
||
| 949 |
_aRC 985.04 D 14 / 4 _wDEWEY _c2 _i54958 _lRC _mBUL _r0 _sY _tBOOK _u2015-6-25 _xBIBLIOTECA _zUNKNOWN _0COMPRA _o.CIRCNOTE. No olvidar cambiar la fecha de devolución!!!!!!! _o.STAFF. Colección General |
||
| 999 |
_c42291 _d42291 |
||
| 980 |
_81 _gALBERTO SANCHEZ Responsable de Automatización |
||